<The> Political Economy of Global Production Networks: Regional Industrial Change and Differential Upgrading in the East European Clothing Industry
Regionálne ekonomické transformácie. Regionálna koncentrácia výroby odevov udržala zamestnanosť počas 90. rokov. Rastúce konkurenčné tlaky narušili regionálne výrobné systémy. Viedlo to k diferencovanej oblasti stratégií modernizácie firiem. Pri porozumení firemného a regionálneho zlepšovania treba...
Saved in:
| Main Author: | |
|---|---|
| Other Authors: | , , , |
| Format: | Book Chapter |
| Language: | English |
| Subjects: | |
| Tags: |
No Tags, Be the first to tag this record!
|
MARC
| LEADER | 00000nla a2200000 4500 | ||
|---|---|---|---|
| 001 | 0192657 | ||
| 005 | 20240502083447.1 | ||
| 041 | 0 | |a eng | |
| 044 | |a GB | ||
| 245 | 1 | 0 | |a <The> Political Economy of Global Production Networks: Regional Industrial Change and Differential Upgrading in the East European Clothing Industry |c Adrian Smith, John Pickles, Milan Buček, Rudolf Pástor, Bob Begg |
| 520 | |a Regionálne ekonomické transformácie. Regionálna koncentrácia výroby odevov udržala zamestnanosť počas 90. rokov. Rastúce konkurenčné tlaky narušili regionálne výrobné systémy. Viedlo to k diferencovanej oblasti stratégií modernizácie firiem. Pri porozumení firemného a regionálneho zlepšovania treba venovať pozornosť úlohám práce v sprísňujúcom sa prostredí „relatívnej konkurencieschopnosti“ a politickej ekonómii politík globálnej hospodárskej krízy, regionálnej integrácie a zahraničného vlastníctva. | ||
| 610 | 2 | 0 | |a globalizácia |
| 610 | 2 | 0 | |a priemysel odevný |
| 610 | 2 | 0 | |a modernizácia |
| 610 | 2 | 0 | |a východná Európa |
| 610 | 2 | 0 | |a kríza hospodárska |
| 610 | 2 | 0 | |a krajiny tranzitívne |
| 610 | 2 | 0 | |a zmeny štruktúrne |
| 100 | 1 | |a Smith, Adrian | |
| 700 | 1 | |a Pickles, John | |
| 700 | 1 | |a Buček, Milan | |
| 700 | 1 | |a Pástor, Rudolf | |
| 700 | 1 | |a Begg, Bob | |